000
00248nam a2200097Ia 4500
001
727993
005
20250826163459.0
008
250824s9999 xx 000 0 und d
245
0
_a
DOĞRULUK DÜRÜSTLÜK
_c
İSMİHAN ARSLAN
260
_b
GİZEMLİ BAHÇE
999
_c
727993
_d
727993